Práva a povinnosti uchádzačov o zamestnanie v rámci sociálneho zabezpečenia

Nezamestnanosť - sociálna udalosť - dobrovoľná a nedobrovoľná (uchádzači o zamestnanie evidovaní na príslušnom úrade práce). Práva a povinnosti uchádzačov o zamestnanie v rámci sociálneho zabezpečenia. Platenie zdravotného a sociálneho poistenia (nemocenské poistenie a dôchodkové zabezpečenie). Subj...

Ausführliche Beschreibung

Gespeichert in:
Bibliographische Detailangaben
1. Verfasser: Matlák, Ján
Format: Buchkapitel
Sprache:Slowakisch
Schlagworte:
Tags: Tag hinzufügen
Keine Tags, Fügen Sie das erste Tag hinzu!

MARC

LEADER 00000naa a2200000 4500
001 r020166
005 20230424120053.8
041 0 |a slo 
044 |a SK 
245 1 0 |a Práva a povinnosti uchádzačov o zamestnanie v rámci sociálneho zabezpečenia  |c Ján Matlák 
520 |a Nezamestnanosť - sociálna udalosť - dobrovoľná a nedobrovoľná (uchádzači o zamestnanie evidovaní na príslušnom úrade práce). Práva a povinnosti uchádzačov o zamestnanie v rámci sociálneho zabezpečenia. Platenie zdravotného a sociálneho poistenia (nemocenské poistenie a dôchodkové zabezpečenie). Subjekty, ktoré sú povinné platiť poistné. Uplatňovanie práv uchádzačov o zamestnanie v oblasti sociálneho zabezpečenia - realizujú sa predovšetkým vo sfére nemocenského poistenia. 
610 2 0 |a zabezpečenie sociálne 
610 2 0 |a nezamestnanosť 
610 2 0 |a poistenie zdravotné 
610 2 0 |a poistenie sociálne 
610 2 0 |a poistenie nemocenské 
610 2 0 |a zabezpečenie dôchodkové 
610 2 0 |a zákony 
610 2 0 |a Slovensko 
100 1 |a Matlák, Ján